Biggest Countries Without an 'G' by Population - Statistics

General Stats
  • This quiz has been taken 55 times
    54 since last reset
  • The average score is 16 of 20
Answer Stats
Population Country % Correct
207 mill Brazil
100%
1,382 mill China
98%
1,314 mill India
98%
324 mill United States
98%
122 mill Mexico
91%
64 mill France
89%
263 mill Indonesia
89%
60 mill Italy
89%
196 mill Pakistan
89%
146 mill Russia
89%
80 mill Iran
83%
126 mill Japan
83%
103 mill Philippines
80%
79.8 mill Turkey
74%
104 mill Ethiopia
72%
55 mill South Africa
72%
92 mill Vietnam
70%
68 mill Thailand
67%
56 mill Tanzania
57%
54 mill Myanmar
46%
No matching quizzes found
Score Distribution
Percent of People with Each Score
Percentile by Number Answered
Your Score History
You have not taken this quiz since the last reset